000 00940cam a22002894a 4500
001 16451417
003 OSt
005 20240405145036.0
008 100909s2011 njua b 001 0 eng
010 _a 2010035407
020 _a9788131764367
035 _a(OCoLC)ocn663772861
040 _aDLC
_cDLC
_dYDX
_dYDXCP
_dCDX
_dDLC
042 _apcc
082 0 0 _a621.382 LYO 2012
_222
100 1 _aLyons, Richard G.,
_95326
245 1 0 _aUnderstanding Digital Signal Processing
250 _a3rd ed.
260 _aUpper Saddle River, NJ :
_bPrentice Hall,
_c2012.
300 _axxiii, 954 p. :
_bill. ;
_c24 cm.
504 _aIncludes bibliographical references and index.
650 0 _aSignal processing
_912305
650 0 _aDigital techniques.
_916939
906 _a7
_bcbc
_corignew
_d1
_eecip
_f20
_gy-gencatlg
942 _2ddc
_cSLOAN
999 _c5924
_d5924